Regions Quiz - Statistics

General Stats
  • This quiz has been taken 9 times
  • The average score is 12 of 20
Answer Stats
Hint Region % Correct
12) This region includes Croatia, Bosnia, Albania,Serbia, Greece and Bulgaria Balkans
89%
1) Remote part of South America, sharedby Chile and Argentina Patagonia
89%
2) This area includes Norway, Denmarkand Sweden Scandinavia
89%
6) Vast, remote area of central/east Russia dominated by cold tundra Siberia
89%
16) Peninsula that includes Spain and Portugal Iberia
78%
7) Region of northeast China Manchuria
78%
8) This area includes Saudi Arabia, Jordan,Israel, and the Persian Gulf countries Middle East
78%
11) Region of Romania known for its medieval towns,castles and folklore Transylvania
78%
19) This region includes most of the Stan countries inthe steppe area Central Asia
67%
10) This area includes CT, VT, MA, NH, ME and RI New England
67%
3) The vast, remote desert like area ofinterior Australia Outback
67%
20) Region of the Pacific dominated by active volcanoesand earthquakes due to plate movement Ring of Fire
67%
4) Region of the US that includes Georgia, SC, WV, NC, VA, named for the mountain range of the same name Appalachia
56%
14) Cultural area of the US that includes Georgia,Alabama, MS, SC and LA, where plantations and agriculture thrived during the 1800s Deep South
44%
17) Region of central Turkey, famous for its fairy castles, cave homes, and hot air balloons Cappadocia
33%
13) Region of coastal Oregon, Washington, CA andparts of British Columbia named for the ocean its on Pacific Northwest
33%
15) Area of hilly northern UK that includes the famousLoch Ness and Inverness Scottish Highlands
33%
9) Area of Oklahoma, TX, KS, NE, IA and MOnamed for the frequent storms on the plains Tornado Alley
33%
5) This region includes Alberta, Saskatchewanand Manitoba covered by grasslands and plains Prairie Provinces
22%
18) Area of coastal Tanzania, Kenya and northern Mozambique named for the people that live there Swahili Coast
22%
No matching quizzes found
Score Distribution
Percent of People with Each Score
Percentile by Number Answered
Your Score History
You have not taken this quiz